Entry Personal Name
Number of records used in: 1
001 - CONTROL NUMBER
003 - CONTROL NUMBER IDENTIFIER
005 - DATE AND TIME OF LATEST TRANSACTION
- control field:
20200107120033.0
008 - FIXED-LENGTH DATA ELEMENTS
- fixed length control field:
920226n| acannaab| |a aaa |||
010 ## - LIBRARY OF CONGRESS CONTROL NUMBER
- LC control number:
n 89262760
040 ## - CATALOGING SOURCE
- Original cataloging agency:
DLC
- Transcribing agency:
DLC
- Modifying agency:
DLC
100 10 - HEADING--PERSONAL NAME
- Personal name:
Saibaba, Rudra,
- Dates associated with a name:
1953-
400 00 - SEE FROM TRACING--PERSONAL NAME
- Personal name:
Rudra Saibaba,
- Dates associated with a name:
1953-
670 ## - SOURCE DATA FOUND
- Source citation:
His Management of cooperative, 1991:
- Information found:
t.p. (Rudra Saibaba) jkt. (Dr.; b. 7/1/1953; lect. in com., Lal Bahadur Coll., Warangal; Ph. D., Kakatiya U., 1989)